000 00396nam a2200133Ia 4500
008 220216s9999 xx 000 0 und d
100 _aAngove S N
245 0 _aPreservation of NR latex concentrate.Pt.II.Evaluation of various oxines as secondary preservatives
260 _bIRI Transactions
_c1964
300 _aT257-T261
650 _aLatex preservation
700 _aPillai N M
942 _cJS
999 _c65653
_d65653